000 01153cam a2200325 a 4500
001 4339
003 FISKH
005 20240730101101.0
008 080305s2008 nyua j 000 1 eng
010 _a 2008004304
020 _a9781416968634
020 _a1416968636
040 _aDLC
_cDLC
_dDLC
_beng
050 0 0 _aPZ7.D28197
082 _a813.6
100 1 _aDavid, Erica.
245 1 0 _aMy name is CheeseHead /
_cadapted by Erica David ; based on the teleplay "Who Bob What Pants?" by Casey Alexander, Zeus Cervas, and Steven Banks ; illustrated by Victoria Miller.
260 _aNew York :
_bSimon Spotlight,
_c2008.
300 _a32 pages :
_bcolor illustrations ;
_c23 cm
490 0 _aReady-to-read. Level 2
_vBook 14
500 _a"Based on the TV series SpongeBob SquarePants created by Stephen Hillenburg as seen on Nickelodeon"--T.p. verso.
505 _aG
521 1 _a380
_bLexile estimate
521 1 _aG
_bRaz-Plus
650 _aSpongeBob
_vTelevision
700 1 _aMiller, Victoria
_q(Victoria H.)
_dIllustrator
906 _a7
_bcbc
_corignew
_d1
_eecip
_f20
_gy-gencatlg
942 _2ddc
_cBK
_n0
999 _c4339
_d4339